Nak kahwin duit tak ada

Bibliographic Details
Main Author: Naufal Tarmizi
Format: Book
Published: Bandar Baru Bangi : Adiwarna , 2013
Subjects:

MARC

LEADER 00000cam a2200000 7i4500
001 0000178024
005 20130730.0
020 |a 9789670201788 
090 0 0 |a F   |b NAU 
100 0 |a Naufal Tarmizi 
245 1 0 |a Nak kahwin duit tak ada   |c Naufal Tarmizi 
260 |a Bandar Baru Bangi :   |b Adiwarna ,   |c 2013 
300 |a 573p. ;   |c 18cm. 
650 0 0 |a Malay fiction 
999 |a 00276735   |b BUKU   |c PINJAMAN   |e PERPUSTAKAAN KOMUNITI PETALING JAYA 
999 |a 00276736   |b BUKU   |c PINJAMAN   |e PERPUSTAKAAN KOMUNITI PETALING JAYA 
999 |a 00276737   |b BUKU   |c PINJAMAN   |e PERPUSTAKAAN KOMUNITI CAW KOTA DAMANSARA 
999 |a 00276738   |b BUKU   |c PINJAMAN   |e PERPUSTAKAAN KOMUNITI CAW KOTA DAMANSARA 
999 |a 00276739   |b BUKU   |c PINJAMAN   |e PERPUSTAKAAN KOMUNITI CAW TAMAN MEDAN 
999 |a 00276740   |b BUKU   |c PINJAMAN   |e PERPUSTAKAAN KOMUNITI CAW TAMAN MEDAN